| Поле | Название | Значение |
| |
Тип записи |
a |
| |
Библиографический уровень |
m |
| 001 |
Контрольный номер |
SKBR/d9893c34-faf7-4432-b0f4-bce12da44de6 |
| 005 |
Дата корректировки |
20260416162936.5 |
| 010 |
Индекс ISBN |
__ |
| a |
ISBN |
978-5-389-25953-9 |
| 9 |
Тираж |
3000 экз. |
| b |
Уточнения |
в пер. |
| d |
Цена |
1130-70 |
| 035 |
Другие системные номера |
__ |
| a |
Идентификатор записи |
RU\NLR\BIBL_A\022547988 |
| 100 |
Данные общей обработки |
__ |
| a |
Данные общей обработки |
20250522d2025 cd y0rusy028902 ca |
| 101 |
Язык документа |
1_ |
| a |
Язык текста |
rus |
| c |
Язык оригинала |
ita |
| 102 |
Страна публикации |
__ |
| a |
Страна публикации |
RU |
| 105 |
Кодированные данные (монография) |
__ |
| a |
Кодированные данные (монография) |
a g 000yy |
| 181 |
Поле кодированных данных: вид содержания |
_0 |
| a |
Код вида содержания (ISBD) |
i |
| 181 |
Поле кодированных данных: вид содержания |
_0 |
| a |
Код вида содержания (ISBD) |
b |
| 182 |
Поле кодированных данных: тип средства |
_0 |
| a |
Код типа средства (ISBD) |
n |
| 200 |
Заглавие и сведения об ответственности |
1_ |
| a |
Заглавие |
Животные |
| e |
Сведения, относящиеся к заглавию |
мой первый атлас в картинках |
| e |
Сведения, относящиеся к заглавию |
[для среднего школьного возраста] |
| f |
Первые сведения об ответственности |
автор текста и иллюстраций Илария Барсотт |
| g |
Последующие сведения об ответственности |
перевод с итальянского языка: Наталья Муриан |
| 203 |
Вид содержания и тип средства |
__ |
| a |
Вид содержания |
Текст |
| a |
Вид содержания |
Изображение |
| b |
Характеристика содержания |
неподвижное |
| b |
Характеристика содержания |
двухмерное |
| c |
Тип средства |
непосредственные |
| 210 |
Выходные данные |
1_ |
| a |
Место издания |
Москва |
| c |
Издательство |
Азбука-Аттикус |
| c |
Издательство |
Махаон |
| d |
Дата издания |
2025 |
| 215 |
Физическое описание |
__ |
| a |
Объем |
61, [2] с. |
| c |
Иллюстрации/тип воспроизводства |
цв. ил. |
| d |
Формат |
29 см |
| 330 |
Аннотация |
__ |
| a |
Аннотация |
На страницах этого иллюстрированного атласа вы познакомитесь с представителями царства животных, которые обитают в разных природных зонах нашей планеты. Из книги вы узнаете, зачем черепахи выкапывают норы, где живут зимородки, какая любопытная привычка есть у енотов и чем питаются коалы. Красочные иллюстрации позволят рассмотреть животных вблизи и выяснить, какие внешние особенности выделяют их среди сородичей. |
| 333 |
Примечание о целевом назначении |
__ |
| a |
Примечание о целевом назначении |
0+ |
| 454 |
Оригинал |
_0 |
| 1 |
|
2001 |
| a |
|
Animal Habitats |
| 1 |
|
700 1 |
| a |
|
Barcotti |
| b |
|
I. |
| g |
|
Ilaria |
| 606 |
Тематические рубрики |
__ |
| a |
Основная рубрика |
Биология |
| 2 |
Код системы |
nlr_sh |
| 606 |
Тематические рубрики |
__ |
| 2 |
Код системы |
nlr_sh |
| a |
Основная рубрика |
Зоология в целом |
| y |
Географическая подрубрика |
Средиземноморье |
| y |
Географическая подрубрика |
Северная Америка |
| y |
Географическая подрубрика |
Австралия |
| y |
Географическая подрубрика |
Арктика |
| y |
Географическая подрубрика |
Антарктида |
| y |
Географическая подрубрика |
Мадагаскар |
| y |
Географическая подрубрика |
Саванна |
| y |
Географическая подрубрика |
Амазония |
| 610 |
Ключевые слова |
0_ |
| a |
Ключевые слова |
детская литература |
| 610 |
Ключевые слова |
0_ |
| a |
Ключевые слова |
познавательная литература |
| 610 |
Ключевые слова |
0_ |
| a |
Ключевые слова |
развивающая литература |
| 610 |
Ключевые слова |
0_ |
| a |
Ключевые слова |
животные |
| 610 |
Ключевые слова |
0_ |
| a |
Ключевые слова |
занимательная зоология |
| 610 |
Ключевые слова |
0_ |
| a |
Ключевые слова |
лиственные леса |
| 610 |
Ключевые слова |
0_ |
| a |
Ключевые слова |
лесные животные |
| 610 |
Ключевые слова |
0_ |
| a |
Ключевые слова |
морские животные |
| 610 |
Ключевые слова |
0_ |
| a |
Ключевые слова |
арктические животные |
| 610 |
Ключевые слова |
0_ |
| a |
Ключевые слова |
горные животные |
| 610 |
Ключевые слова |
0_ |
| a |
Ключевые слова |
таежные животные |
| 610 |
Ключевые слова |
0_ |
| a |
Ключевые слова |
речные обитатели |
| 610 |
Ключевые слова |
0_ |
| a |
Ключевые слова |
болотные животные |
| 610 |
Ключевые слова |
0_ |
| a |
Ключевые слова |
дикие животные |
| 610 |
Ключевые слова |
0_ |
| a |
Ключевые слова |
птицы |
| 610 |
Ключевые слова |
0_ |
| a |
Ключевые слова |
рыбы |
| 686 |
Индексы других классификаций |
__ |
| a |
Классификационный индекс |
мл28.6 |
| 2 |
Код системы |
rubbks |
| 700 |
Автор |
_1 |
| a |
Фамилия |
Барсотти |
| b |
Имя |
И. |
| g |
Полное личное имя |
Илария |
| 4 |
Код отношения |
070 |
| 4 |
Код отношения |
440 |
| 702 |
Вторичная интеллектуальная ответственность |
_1 |
| a |
Фамилия |
Муриан |
| b |
Имя |
Н. |
| g |
Полное личное имя |
Наталья |
| 4 |
Код отношения |
730 |
| 801 |
Источник записи |
_0 |
| a |
Страна |
RU |
| b |
Организация |
NLR |
| c |
Дата составления |
20250522 |
| g |
Правила каталогизации |
PSBO |
| 801 |
Источник записи |
_1 |
| a |
Страна |
RU |
| b |
Организация |
NLR |
| c |
Дата составления |
20250522 |
| g |
Правила каталогизации |
PSBO |
| 801 |
Источник записи |
_2 |
| a |
Страна |
RU |
| b |
Организация |
NLR |
| c |
Дата составления |
20250701 |
| 2 |
Код формата |
rusmarc |
| g |
Правила каталогизации |
PSBO |
| 852 |
Данные о местонахождении |
__ |
| i |
Авторский знак |
Б 26 |
| j |
Шифр хранения |
мл28.6 |
| 900 |
Макрообъекты |
__ |
| a |
Макрообъекты |
Животные. Мой первый атлас в картинка.Барсотти, И. , 2025 |
| 901 |
Тип документа |
__ |
| a |
Ответственный |
ООФиК/Волкова |
| t |
Тип документа |
m |
| 901 |
Тип документа |
__ |
| a |
Ответственный |
4 партия |
| 903 |
Характеристики (МАРС) |
__ |
| a |
Дата передачи |
20260409 |
| c |
Наименование библиотеки (МАРС) |
Муниципальное бюджетное учреждение культуры "Централизованная библиотечная система" г. Сургут (Центральная городская библиотека им. А. С. Пушкина) |
| 969 |
Тип издания |
__ |
| a |
Тип издания |
издание для детей |
| a |
Тип издания |
справочное издание |
| 990 |
Данные о заказе (DOS) |
__ |
| j |
Количество экземпляров (DOS) |
5 |
| t |
N записи в КСУ для И/У (DOS) |
202604 |